Štrukturálne zmeny v slovenskom poľnohospodárstve

Zmeny v slovenskom poľnohospodárstve, ktoré nastali od počiatku transformácie medzi fyzickými a právnickými subjektami. Zmenila sa najmä štruktúra subjektov a ich majetková podstata daná vlastníckou formou. Tabuľka uvádza početnosť a veľkostnú štruktúru agrosubjektov SR podľa právnej formy podnikan...

Full description

Saved in:
Bibliographic Details
Main Author: Bielik, Peter
Other Authors: Gurčík, Ľubomír
Format: Book Chapter
Language:Slovak
Subjects:
Tags: Add Tag
No Tags, Be the first to tag this record!

MARC

LEADER 00000naa$a2200000$$$4500
001 0021878
005 20221128120833.1
041 0 |a slo 
044 |a SK 
245 1 0 |a Štrukturálne zmeny v slovenskom poľnohospodárstve  |c Peter Bielik, Ľubomír Gurčík 
520 |a Zmeny v slovenskom poľnohospodárstve, ktoré nastali od počiatku transformácie medzi fyzickými a právnickými subjektami. Zmenila sa najmä štruktúra subjektov a ich majetková podstata daná vlastníckou formou. Tabuľka uvádza početnosť a veľkostnú štruktúru agrosubjektov SR podľa právnej formy podnikania. Vplyv ekonomických reforiem na poľnohospodársku produkciu. 
610 2 0 |a zmeny štruktúrne 
610 2 0 |a poľnohospodárstvo 
610 2 0 |a Slovensko 
610 2 0 |a reformy poľnohospodárske 
610 2 0 |a transformácia 
610 2 0 |a podnik poľnohospodársky 
610 2 0 |a družstvá poľnohospodárske 
100 1 |a Bielik, Peter 
700 1 |a Gurčík, Ľubomír